=LDR 00000nam 2200000 4500 =001 INLIS000000000810225 =005 20251116014903 =035 ##$$a 0010-1125000079 =007 ta =008 251116###########################0###### =020 ##$$a 9786025628153 =082 ##$$a 492.7807 =084 ##$$a 492.7807 MUH t =245 ##$$a Metode Teori Kunci : $b membaca & memahami arab gundul /$c Muhammad Atim =260 ##$$a bandung :$b Mega rancage press,$c 2019 =300 ##$$a 251 hlm ; $c 24 cm